000 nam a22 7a 4500
999 _c15296
_d15296
008 161028b xxu||||| |||| 00| 0 eng d
020 _a0671673491
020 _a067174920-x
020 _a9780671749200
050 _aBF 318 .H38 1990
100 _aHealy, Jane M.
245 _aEndangered minds :
_bwhy our children don't think/
_c Jane M. Healy.
260 _aNew York :
_bSimon & Schuster,
_c1990.
300 _a382p. :
_c21cm.
500 _aIncludes bibliography and index.
650 _aLearning, psychology of.
650 _aLearning
_xspcial aspects.
650 _aLearning
_xphysiological aspects.
650 _aNeuropsychology.
942 _2lcc
_cBOOKS
_hBF 318 .H38 1990
_01